Manifiesto de las especies de compañía.
Na minha lista:
| Autor principal: | |
|---|---|
| Outros Autores: | |
| Formato: | Livro |
| Idioma: | inglês |
| Publicado em: |
Bilbao, España.
Sans soleil,
2016
|
| Colecção: | Chiribitas;
9 |
| Assuntos: | |
| Tags: |
Adicionar Tag
Sem tags, seja o primeiro a adicionar uma tag!
|
MARC
| LEADER | 00000nam a22000007a 4500 | ||
|---|---|---|---|
| 003 | CL-VaPUC | ||
| 005 | 20211005154019.0 | ||
| 008 | 210729b2016 ||||| |||| 00| 0 eng d | ||
| 999 | |c 433398 |d 433396 | ||
| 020 | |a 978-84-946119-1-9 | ||
| 040 | |c Pontificia Universidad Católica de Valparaíso | ||
| 082 | 0 | 4 | |2 21 |a 636.70887 HAR 2016 |
| 100 | 1 | |a Haraway, Donna J. |e autora |9 862501 | |
| 245 | 1 | 0 | |a Manifiesto de las especies de compañía. |
| 260 | |a Bilbao, España. |b Sans soleil, |c 2016 | ||
| 300 | |a 178 páginas | ||
| 490 | 0 | |a Chiribitas; |v 9 | |
| 583 | |c 20210729 |k Cristina Rojas | ||
| 650 | 1 | |a Animales domésticos |x Mascotas |x Perros |9 862505 | |
| 650 | 1 | |a Animales de compañía |x Perros |9 862506 | |
| 650 | 1 | |a Crianza de animales |x Entrenamientos de animales |x Perros |9 862507 | |
| 700 | |a Mellén Rodriguez, Isabel |e traductora |9 862502 | ||
| 942 | |2 ddc |c BK | ||
| 952 | |0 0 |1 0 |2 ddc |4 0 |6 636_708870000000000_HAR_2016 |7 0 |8 A |9 578523 |a FDOPOS |b BIBEDU |d 2021-07-29 |i 5622921 |l 1 |o 636.70887 HAR 2016 |p 5622921 |r 2025-01-22 |s 2022-11-21 |t 1 |w 2021-07-29 |y BK |k DLH | ||